<?xml version="1.0" encoding="UTF-8"?>
<record
    xmlns:xsi="http://www.w3.org/2001/XMLSchema-instance"
    xsi:schemaLocation="http://www.loc.gov/MARC21/slim http://www.loc.gov/standards/marcxml/schema/MARC21slim.xsd"
    xmlns="http://www.loc.gov/MARC21/slim">

  <leader>00790nam a22002057a 4500</leader>
  <datafield tag="999" ind1=" " ind2=" ">
    <subfield code="c">358070</subfield>
    <subfield code="d">358070</subfield>
  </datafield>
  <controlfield tag="003">IT-MiCISF</controlfield>
  <controlfield tag="005">20181115164156.0</controlfield>
  <controlfield tag="008">181115b           ||||| |||| 00| 0 eng d</controlfield>
  <datafield tag="040" ind1=" " ind2=" ">
    <subfield code="c">IT-MiCISF</subfield>
  </datafield>
  <datafield tag="041" ind1=" " ind2=" ">
    <subfield code="a">it</subfield>
  </datafield>
  <datafield tag="100" ind1=" " ind2=" ">
    <subfield code="a">Battistin Nerina (et al.)</subfield>
    <subfield code="9">57512</subfield>
  </datafield>
  <datafield tag="245" ind1=" " ind2=" ">
    <subfield code="a">Giornate di approfondimento 2005-2012</subfield>
  </datafield>
  <datafield tag="260" ind1=" " ind2=" ">
    <subfield code="a">Imperia</subfield>
    <subfield code="b">Pro familia</subfield>
    <subfield code="c">2012</subfield>
  </datafield>
  <datafield tag="300" ind1=" " ind2=" ">
    <subfield code="a">pp. 229</subfield>
  </datafield>
  <datafield tag="500" ind1=" " ind2=" ">
    <subfield code="a">infanzia, nuovi-media, televisione, disturbi-apprendimento, adolescenza, scuola, problemi-educazione, educazione-genitori</subfield>
  </datafield>
  <datafield tag="650" ind1=" " ind2=" ">
    <subfield code="a">educazione</subfield>
    <subfield code="9">56062</subfield>
  </datafield>
  <datafield tag="654" ind1=" " ind2=" ">
    <subfield code="a">saggio</subfield>
  </datafield>
  <datafield tag="700" ind1=" " ind2=" ">
    <subfield code="a">Frasconi S.</subfield>
    <subfield code="a">Rossetto A.</subfield>
    <subfield code="a">Zannoni A.</subfield>
    <subfield code="a">Gandolfo G.B.</subfield>
    <subfield code="a">Rebuffo M.</subfield>
    <subfield code="a">Gottardi A.</subfield>
    <subfield code="a">Russo C.</subfield>
    <subfield code="a">Guelfi F.</subfield>
    <subfield code="a">Taddia M.</subfield>
    <subfield code="a">Moschella R.</subfield>
    <subfield code="a">Nuvoloni A.</subfield>
    <subfield code="a">Cerisola Vignale M.</subfield>
    <subfield code="a">Paracchini E.</subfield>
    <subfield code="9">57513</subfield>
  </datafield>
  <datafield tag="942" ind1=" " ind2=" ">
    <subfield code="2">ddc</subfield>
    <subfield code="c">BK</subfield>
  </datafield>
  <datafield tag="952" ind1=" " ind2=" ">
    <subfield code="0">0</subfield>
    <subfield code="1">0</subfield>
    <subfield code="2">ddc</subfield>
    <subfield code="4">0</subfield>
    <subfield code="6">DD_40_000000000000000</subfield>
    <subfield code="7">1</subfield>
    <subfield code="a">CISF</subfield>
    <subfield code="b">CISF</subfield>
    <subfield code="d">2018-11-15</subfield>
    <subfield code="l">0</subfield>
    <subfield code="o">dd40</subfield>
    <subfield code="r">2018-11-15 00:00:00</subfield>
    <subfield code="w">2018-11-15</subfield>
    <subfield code="y">BK</subfield>
  </datafield>
</record>
